ARRUPE JESUIT UNIVERSITY

CORONAVIRUS -STOP THE SPREAD - CLEAN,DISINFECT,COVER

Edward viii (Record no. 130163)

MARC details
000 -LEADER
fixed length control field 00450nam a22001457a 4500
008 - FIXED-LENGTH DATA ELEMENTS--GENERAL INFORMATION
fixed length control field 200122b ||||| |||| 00| 0 eng d
050 ## - LIBRARY OF CONGRESS CALL NUMBER
Classification number DA580.D64 1974
100 ## - MAIN ENTRY--PERSONAL NAME
Personal name Donaldson, Frances
9 (RLIN) 48994
245 ## - TITLE STATEMENT
Title Edward viii
Statement of responsibility, etc Frances Donaldson
260 ## - PUBLICATION, DISTRIBUTION, ETC. (IMPRINT)
Place of publication, distribution, etc London
Name of publisher, distributor, etc Weidenfeld and Nicolson
Date of publication, distribution, etc 1974
300 ## - PHYSICAL DESCRIPTION
Extent xii, 447p. ;
Dimensions 23cm.
600 ## - SUBJECT ADDED ENTRY--PERSONAL NAME
Personal name Windsor, Edward
9 (RLIN) 48995
651 ## - SUBJECT ADDED ENTRY--GEOGRAPHIC NAME
Geographic name Great Britain
Relator term Edward viii
General subdivision History
9 (RLIN) 48996
942 ## - ADDED ENTRY ELEMENTS (KOHA)
Source of classification or shelving scheme Library of Congress Classification
Item type Monograph ( Printed materials)
Holdings
Withdrawn status Lost status Source of classification or shelving scheme Damaged status Not for loan Collection code Home library Current library Shelving location Date acquired Total Checkouts Full call number Barcode Date last seen Price effective from Koha item type
    Library of Congress Classification     Main Collection ARRUPE LIBRARY ARRUPE LIBRARY Main Collection 22/01/2020   DA580.D64 1974 46600006184 22/01/2020 22/01/2020 Monograph ( Printed materials)

 

Arrupe Library. PO Box MP320 Mt Pleasant, Harare, Zimbabwe
263 242 745411|librarian@aju.ac.zw